00577nam a2200109Ia 4500008004100000245002800041300024300069650000900312856005500321999001900376952007200395170517s9999 xx 000 0 und d 2aA Portrait of Pat Carey aA Portrait of Pat Carey is an intimate look at San Francisco artist and activist, Pat Carey. This heart-warming documentary follows her life stemming from her parents immigration to the United States and follows through to her death in... xArt. uhttp://topdocumentaryfilms.com/portrait-pat-carey/ c333103d333103 001040aCLbCLd2017-05-17l0r2017-05-17 00:00:00w2017-05-17yDF